000 00789nam a2200265 i 4500
001 bg
100 1 _aSTEPOWICZ, Witold Jerzy
245 1 0 _aElementy półprzewodnikowe i układy scalone :
_bwybór testów z rozwiązaniami.
250 _aWyd. 2.
260 _aGdańsk :
_bWydaw. PG,
_c1999.
300 _a72 s. ;
_c24 cm.
504 _aBibliogr. s. 72.
650 9 _aEgzaminy
_xszkolnictwo wyższe
650 9 _aPółprzewodniki
_xurządzenia
650 9 _aUkłady scalone
655 _aĆwiczenia i zadania dla szkół wyższych
710 0 _aPolitechnika Gdańska
020 _a8388007068
040 _cBPK
041 0 _apl
080 _a621.382:621.3.049.77](075.8)(076):378.244
920 _a83-88007-06-8
942 _cKS
008 s pl f |000 0 pol
999 _c37695
_d37695
856 _uhttp://koha.tu.koszalin.pl/cgi-bin/koha/opac-detail.pl?biblionumber=37695
_yKatalog online BPK